Music Quiz

Random Music or Clickable Quiz

Minus 'THE' Bands Quiz Stats

 Plays Quiz Updated Apr 26, 2016

Challenge
Share
Tweet
Score 0/30 Timer 05:00
4 Plays Today
% Correct
New Kids on
96.2%
Rage Against
93.3%
Curiosity Killed
92.3%
Panic! at
92%
The Presidents of
90.5%
Queens of
82%
Chairmen of
74.4%
Sixpence None
74.3%
Foster
72.1%
The Beginning of
71.9%
Cage
64.8%
TV on
64.5%
At
63.1%
Toad
60.3%
Orchestral Manoeuvres in
57.6%
% Correct
Riders in
57.1%
Mott
56.3%
Everything but
54%
Something for
53%
Orion
47.9%
Walk
47%
...And You Will Know Us by
43.8%
Temple of
40.8%
Southern Culture on
36.3%
New Riders of
32.7%
Young
32.2%
Zolof
32.2%
Del
30.8%
Pedro
29.2%
Portugal.
23%

You're not logged in!

Compare scores with friends on all Sporcle quizzes.
Join for Free
OR
Log In

You Might Also Like...

Show Comments

Extras

Top Quizzes Today


Score Distribution

Your Account Isn't Verified!

In order to create a playlist on Sporcle, you need to verify the email address you used during registration. Go to your Sporcle Settings to finish the process.

Report this User

Report this user for behavior that violates our Community Guidelines.

Details: